| 000 | 00479nam a2200169Ia 4500 | ||
|---|---|---|---|
| 008 | 220216s9999 xx 000 0 und d | ||
| 100 | _aDe Jonge P | ||
| 245 | 0 | _aReport on Chemara tapping experiments conducted in co-operation with the Rubber Research Institute of Malaya | |
| 260 |
_bPlanters Bulletin _c1965 |
||
| 300 | _a194-204 | ||
| 650 | _aBark consumption | ||
| 650 | _aBark renewal | ||
| 650 | _aDry rubber | ||
| 650 | _aMalaya | ||
| 650 | _aTapping | ||
| 942 | _cJS | ||
| 999 |
_c66762 _d66762 |
||